| 000 | 00691nam a2200217 a 4500 | ||
|---|---|---|---|
| 005 | 20250116063842.0 | ||
| 008 | 030227s2001 es r 000 0 spa d | ||
| 020 | _a8434412268 | ||
| 035 | _aUPN01000122262 | ||
| 049 | _aCG | ||
| 050 | 4 |
_aLB41 _bF5.8 |
|
| 100 | 1 | _aFleck, Monserrat | |
| 245 | 1 | 3 |
_aUn lugar llamado escuela : _ben la sociedad de la información y de la diversidad / _cMontserrat Fleck y Enric Prats ; coord. Miquel Martínez. |
| 260 |
_aBarcelona, Esp. : _bAriel, _c2001. |
||
| 300 | _a230 p. | ||
| 650 | 4 |
_aEducación _xFines y objetivos _94837 |
|
| 650 | 4 |
_aEducación _9682 |
|
| 700 | 1 |
_aPrats, Enric, _ecoaut. |
|
| 700 | 1 |
_aMartínez, Miquel, _ecoord. |
|
| 905 | _aLibro | ||
| 999 |
_c94459 _d94459 |
||